Faktory ovplyvňujúce výber destinácií letných dovoleniek vysokoškolákov
Analýza faktorov ovplyvňujúcich výber destinácií organizovaného cestovného ruchu vysokoškolákov počas letných prázdnin.
Guardado en:
| Autor principal: | |
|---|---|
| Otros Autores: | |
| Formato: | Capítulo de libro |
| Lenguaje: | eslovaco |
| Materias: | |
| Etiquetas: |
Sin Etiquetas, Sea el primero en etiquetar este registro!
|
MARC
| LEADER | 00000naa$a2200000$$$4500 | ||
|---|---|---|---|
| 001 | 0102202 | ||
| 005 | 20240502072119.1 | ||
| 041 | 0 | |a slo | |
| 044 | |a SK | ||
| 245 | 1 | 0 | |a Faktory ovplyvňujúce výber destinácií letných dovoleniek vysokoškolákov |c Štefan Čarnický, František Sudzina |
| 520 | |a Analýza faktorov ovplyvňujúcich výber destinácií organizovaného cestovného ruchu vysokoškolákov počas letných prázdnin. | ||
| 610 | 2 | 0 | |a ruch cestovný |
| 610 | 2 | 0 | |a dovolenka |
| 610 | 2 | 0 | |a študenti |
| 100 | 1 | |a Čarnický, Štefan | |
| 700 | 1 | |a Sudzina, František | |